书目信息 |
| 题名: |
高血压病例精粹
|
|
| 作者: | Daniel W. Jones , Deborah S. King , Marion R. Wofford 主编 ;吴寿岭 主译 | |
| 分册: | ||
| 出版信息: | 北京 北京大学医学出版社 2005 |
|
| 页数: | 326页 | |
| 开本: | 20cm | |
| 丛书名: | ||
| 单 册: | ||
| 中图分类: | R544.1 | |
| 科图分类: | ||
| 主题词: | 心脏血管疾病 | |
| 电子资源: | ||
| ISBN: | 7-81071-831-2 | |
| 000 | 00782nam0 2200229 450 | |
| 001 | 0734869542 | |
| 005 | 20070726152312.43 | |
| 010 | @a7-81071-831-2@dCNY35.00 | |
| 100 | @a20070721d2005 km y0chiy0120 ea | |
| 101 | 0 | @achi |
| 102 | @aCN@b110000 | |
| 200 | 1 | @a高血压病例精粹@Agao xue ya bing li jing cui@fDaniel W. Jones,Deborah S. King,Marion R. Wofford主编@FDaniel W.Jones,Deborah S.King,Marion R.Wofford zhu bian@g吴寿岭主译@Gwu shou ling zhu yi |
| 210 | @a北京@c北京大学医学出版社@d2005 | |
| 215 | @a326页@d20cm | |
| 606 | 0 | @a心脏血管疾病 |
| 690 | @aR544.1@v3 | |
| 701 | 0 | @aDaniel W. Jones@4主编 |
| 701 | 0 | @aDeborah S. King@4主编 |
| 701 | 0 | @aMarion R. Wofford@4主编 |
| 702 | 0 | @a吴寿岭@Awu shou ling@4主译 |
| 801 | 0 | @aCN@bPFT@c20070726 |
| 905 | @a10447@dR544.1@e104 | |
| 高血压病例精粹/Daniel W. Jones,Deborah S. King,Marion R. Wofford主编/吴寿岭主译.-北京:北京大学医学出版社,2005 |
| 326页;20cm |
| ISBN 7-81071-831-2:CNY35.00 |
| ● |
| 相关链接 |
|
|
|
|
正题名:高血压病例精粹
索取号:R544.1/104
 
预约/预借
| 序号 | 登录号 | 条形码 | 馆藏地/架位号 | 状态 | 备注 |
| 1 | 0769247 | 207692479 | 第二样本阅览室/ [索取号:R544.1/104] | 在馆 |